[Event "Aeroflot Open A 2019"]
[Site "Moscow RUS"]
[Date "2019.02.20"]
[Round "1"]
[White "Moroni, Luca Jr"]
[Black "Wei, Yi"]
[Result "1/2-1/2"]
[WhiteElo "2567"]
[BlackElo "2733"]
[PlyCount "62"]
[EventDate "2019.02.20"]

1. c4 c5 2. Nf3 Nc6 3. d4 cxd4 4. Nxd4 Nf6 5. Nc3 e6 6. a3 Bc5 7. Nb3 Bb6 8. c5
Bc7 9. g3 O-O 10. Bg2 b6 11. O-O Be5 12. Bf4 Bxf4 13. Bxc6 dxc6 14. Qxd8 Rxd8
15. gxf4 Ba6 16. Rfd1 Nd5 17. Nxd5 Rxd5 18. Rxd5 exd5 19. e3 Rb8 20. Rc1 Bc4
21. Nd2 bxc5 22. Nxc4 dxc4 23. Rxc4 Rxb2 24. Rxc5 Rb6 25. a4 Kf8 26. a5 Rb5 27.
Rxc6 Rxa5 28. Rc8+ Ke7 29. Rc7+ Kf8 30. Rc8+ Ke7 31. Rc7+ Kf8 1/2-1/2

[Event "Aeroflot Open A 2019"]
[Site "Moscow RUS"]
[Date "2019.02.20"]
[Round "1"]
[White "Mamedov, Rauf"]
[Black "Lomasov, Semyon"]
[Result "1-0"]
[WhiteElo "2703"]
[BlackElo "2559"]
[PlyCount "119"]
[EventDate "2019.02.20"]

1. e4 e6 2. d4 d5 3. Nd2 c5 4. Ngf3 cxd4 5. Nxd4 Nf6 6. exd5 Qxd5 7. Nb5 Na6 8.
Nc3 Qd6 9. a3 Bd7 10. Qf3 Bc6 11. Qg3 Qxg3 12. hxg3 Nc7 13. Nc4 O-O-O 14. Be3
b6 15. Ne5 Be8 16. Bd3 Bd6 17. Nc4 Be7 18. f3 Nfd5 19. Bd2 h5 20. g4 h4 21.
O-O-O f6 22. Ne4 Bb5 23. g5 Kb7 24. Rde1 Bc6 25. Rh2 e5 26. Reh1 Nf4 27. Bxf4
exf4 28. gxf6 gxf6 29. Nc3 Rhg8 30. Ne2 f5 31. Kb1 Bg5 32. Bxf5 Bb5 33. Bd3
Rge8 34. Nc3 Bxc4 35. Bxc4 Re3 36. Nd1 Re5 37. Nf2 b5 38. Bd3 Kb6 39. Be4 Re7
40. Nh3 Bh6 41. Nf2 Bg5 42. Nd3 Ne6 43. b4 a5 44. Rxh4 axb4 45. axb4 Bxh4 46.
Rxh4 Rd4 47. Rh5 Nc7 48. Kb2 Rg7 49. Rh2 Rf7 50. Rh6+ Ka7 51. c3 Rc4 52. Ne5
Rg7 53. Bd3 Rxg2+ 54. Kb3 Rf2 55. Bxc4 bxc4+ 56. Kxc4 Re2 57. Nc6+ Kb7 58. Nd4
Re3 59. Rh7 Kb6 60. Rf7 1-0

[Event "Aeroflot Open A 2019"]
[Site "Moscow RUS"]
[Date "2019.02.21"]
[Round "2"]
[White "Lupulescu, Constantin"]
[Black "Fedoseev, Vladimir3"]
[Result "1/2-1/2"]
[WhiteElo "2610"]
[BlackElo "2715"]
[PlyCount "101"]
[EventDate "2019.02.20"]

1. d4 d5 2. c4 e6 3. Nf3 Nf6 4. Nc3 Nbd7 5. Bg5 Be7 6. e3 O-O 7. Qc2 c6 8. Bd3
h6 9. Bh4 a6 10. O-O dxc4 11. Bxc4 b5 12. Be2 Bb7 13. Rfd1 Rc8 14. a3 c5 15.
dxc5 Rxc5 16. b4 Rc8 17. Qb2 Qe8 18. a4 bxa4 19. Rxa4 Rc6 20. Ra3 Rb6 21. Rb3
g5 22. Bg3 Nd5 23. Ne5 Nxe5 24. Bxe5 Nxc3 25. Qxc3 Qc6 26. Qxc6 Bxc6 27. Bd4
Rbb8 28. Ra1 Bb5 29. Bxb5 axb5 30. Bc5 Bxc5 31. bxc5 Rfc8 32. Rc1 Rc6 33. g4
Kf8 34. Kg2 Ke7 35. Kg3 Kd7 36. h4 Kc7 37. Rd3 f6 38. Rd4 e5 39. Rd2 Ra6 40.
hxg5 hxg5 41. Kf3 Ra4 42. Rd6 e4+ 43. Kg3 Rc4 44. Rh1 Rxc5 45. Rxf6 Rc6 46.
Rf7+ Kb6 47. Rf5 Rc5 48. Rh6+ Rc6 49. Rh1 Rc5 50. Rh6+ Rc6 51. Rh1 1/2-1/2

[Event "Aeroflot Open A 2019"]
[Site "Moscow RUS"]
[Date "2019.02.21"]
[Round "2"]
[White "Deac, Bogdan-Daniel"]
[Black "Mamedov, Rauf"]
[Result "1/2-1/2"]
[WhiteElo "2603"]
[BlackElo "2703"]
[PlyCount "98"]
[EventDate "2019.02.20"]

1. e4 c5 2. Nf3 Nc6 3. d4 cxd4 4. Nxd4 Nf6 5. Nc3 e5 6. Ndb5 d6 7. Bg5 a6 8.
Na3 b5 9. Nd5 Be7 10. Bxf6 Bxf6 11. c3 Rb8 12. Nc2 Bg5 13. a4 bxa4 14. Ncb4
Nxb4 15. cxb4 Bd7 16. Bxa6 O-O 17. O-O Bc6 18. Bc4 Bxd5 19. Bxd5 Rxb4 20. Rxa4
Rxb2 21. Ra7 Qf6 22. Rd7 Kh8 23. Qa1 Rbb8 24. Qa7 Bd2 25. Rxf7 Rxf7 26. Qxb8+
Rf8 27. Qb3 g6 28. g3 Qf3 29. Qxf3 Rxf3 30. Rb1 h5 31. Rb8+ Kg7 32. Rb7+ Kf8
33. Kg2 Rf6 34. Rb3 Be1 35. f3 Kg7 36. Rb7+ Kf8 37. Kf1 Bc3 38. Ke2 Bd4 39. h3
Bc5 40. Rh7 Ba3 41. h4 Bc1 42. g4 Rf4 43. gxh5 gxh5 44. Rxh5 Kg7 45. Rg5+ Kh6
46. Rg4 Kh5 47. Rg1 Ba3 48. Rg7 Kxh4 49. Rf7 Rxf7 1/2-1/2

[Event "Aeroflot Open A 2019"]
[Site "Moscow RUS"]
[Date "2019.02.21"]
[Round "2"]
[White "Wang, Hao"]
[Black "Moroni, Luca Jr"]
[Result "1-0"]
[WhiteElo "2714"]
[BlackElo "2567"]
[PlyCount "95"]
[EventDate "2019.02.20"]

1. d4 d5 2. c4 e6 3. Nc3 Nf6 4. Nf3 c6 5. e3 Nbd7 6. Bd3 a6 7. e4 dxc4 8. Bxc4
c5 9. d5 exd5 10. Nxd5 Nxd5 11. Qxd5 Qe7 12. Qd3 Nb6 13. Bb3 Be6 14. Bc2 g6 15.
Bf4 Rd8 16. Qc3 f6 17. O-O Bg7 18. Bb3 c4 19. Bc2 O-O 20. Rad1 Nc8 21. Qa5 Na7
22. Qb6 Nc6 23. Ba4 Rxd1 24. Rxd1 Rc8 25. Bd6 Qf7 26. h3 h6 27. Bxc6 Rxc6 28.
Qd8+ Kh7 29. Bb4 Qc7 30. Qd2 Qf7 31. Ba5 Rc5 32. a3 Qe8 33. Bc3 Rc7 34. Qf4 Qf7
35. Rd6 Rd7 36. Rxd7 Bxd7 37. Ne5 Qe6 38. Nxd7 Qxd7 39. Bxf6 b5 40. e5 a5 41.
Bxg7 Kxg7 42. Qf6+ Kh7 43. Qd6 Qf5 44. e6 Qb1+ 45. Kh2 Qe4 46. Qe7+ Kh8 47.
Qf8+ Kh7 48. Qf7+ 1-0

[Event "Aeroflot Open A 2019"]
[Site "Moscow RUS"]
[Date "2019.02.21"]
[Round "2"]
[White "Santos Ruiz, Miguel"]
[Black "Dubov, Daniil"]
[Result "1/2-1/2"]
[WhiteElo "2554"]
[BlackElo "2703"]
[PlyCount "206"]
[EventDate "2019.02.20"]

1. c4 e5 2. Nc3 Nf6 3. Nf3 Nc6 4. e3 Bb4 5. Nd5 e4 6. Ng1 O-O 7. a3 Bd6 8. d3
exd3 9. Nf3 Ne5 10. Nxe5 Bxe5 11. Bxd3 c6 12. f4 Bd4 13. Bc2 cxd5 14. Qxd4 dxc4
15. Qxc4 b5 16. Qxb5 Qc7 17. Bd3 a5 18. Bd2 Ba6 19. Qf5 Rfe8 20. O-O Qd6 21.
Bxa6 Qxd2 22. Qd3 Qxe3+ 23. Qxe3 Rxe3 24. Bc4 Rb8 25. Rab1 Kf8 26. Ba2 Rc8 27.
Rbc1 Rxc1 28. Rxc1 Re2 29. Rb1 d5 30. Bb3 Rd2 31. Rd1 Rxb2 32. Bxd5 h5 33. Bc4
Rc2 34. Bb3 Rc3 35. Rd8+ Ke7 36. Rb8 h4 37. Kf1 Nh5 38. Rb7+ Kd6 39. Bxf7 Nxf4
40. a4 g5 41. Rb5 g4 42. Rxa5 g3 43. hxg3 hxg3 44. Ke1 Rc2 45. Rg5 Rxg2 46. Bc4
Rg1+ 47. Bf1 Nd5 48. Ke2 Nc3+ 49. Kd3 Nd5 50. a5 Rxf1 51. Rxg3 Ra1 52. Rg8 Rxa5
53. Rd8+ Ke7 54. Rh8 Ra4 55. Rb8 Kd6 56. Rd8+ Ke5 57. Re8+ Kf5 58. Re1 Nf6 59.
Re7 Ne4 60. Re8 Nc5+ 61. Kc3 Ne6 62. Rh8 Ke5 63. Rh5+ Ke4 64. Rh8 Ra7 65. Rc8
Kd5 66. Rh8 Ra3+ 67. Kd2 Rf3 68. Ke2 Ke4 69. Re8 Re3+ 70. Kd2 Kd4 71. Ra8 Rd3+
72. Ke2 Rh3 73. Re8 Nf4+ 74. Kf2 Nd3+ 75. Kg2 Rh5 76. Kf3 Rf5+ 77. Kg4 Rf7 78.
Ra8 Nf2+ 79. Kg5 Ne4+ 80. Kg4 Nc3 81. Rd8+ Nd5 82. Ra8 Ne3+ 83. Kg3 Nf5+ 84.
Kf4 Ne7+ 85. Kg3 Nc6 86. Ra1 Ne5 87. Ra4+ Ke3 88. Ra3+ Nd3 89. Kg4 Rf4+ 90. Kg5
Rd4 91. Kf5 Rb4 92. Ra8 Rb5+ 93. Ke6 Rh5 94. Rg8 Ke4 95. Rg4+ Nf4+ 96. Kd6 Rh6+
97. Kc5 Kf5 98. Rg8 Rh7 99. Rf8+ Ke5 100. Re8+ Ne6+ 101. Kc4 Rh3 102. Rg8 Rh4+
103. Kc3 Nd4 1/2-1/2

[Event "Aeroflot Open A 2019"]
[Site "Moscow RUS"]
[Date "2019.02.21"]
[Round "2"]
[White "Kovalev, Vladislav"]
[Black "Tsydypov, Zhamsaran"]
[Result "1/2-1/2"]
[WhiteElo "2703"]
[BlackElo "2547"]
[PlyCount "98"]
[EventDate "2019.02.20"]

1. e4 c5 2. Nf3 d6 3. Bb5+ Nd7 4. O-O a6 5. Bd3 Ngf6 6. Re1 g6 7. c3 Bh6 8. Bf1
Ne5 9. Nxe5 dxe5 10. a4 Be6 11. Na3 Nd7 12. d4 Bxc1 13. Rxc1 cxd4 14. cxd4 exd4
15. Nc2 Ne5 16. Qxd4 Qxd4 17. Nxd4 Bd7 18. Rc7 Rb8 19. b3 g5 20. Rd1 Rg8 21.
Nf5 Rg6 22. Rc5 Bxf5 23. Rxe5 Be6 24. b4 Bb3 25. Ra1 Rc8 26. b5 h6 27. h3 Rd6
28. bxa6 bxa6 29. Ra5 Bc4 30. e5 Rdc6 31. Bxc4 Rxc4 32. Rxa6 Rc1+ 33. Rxc1
Rxc1+ 34. Kh2 e6 35. Ra5 Rc2 36. Kg3 Rc3+ 37. f3 Rc4 38. Ra8+ Ke7 39. a5 Rc5
40. Ra7+ Kf8 41. a6 Rxe5 42. Rb7 Ra5 43. a7 Kg7 44. Kf2 Ra3 45. g4 Kg6 46. Re7
Kf6 47. Rc7 Kg6 48. Re7 Kf6 49. Rb7 Kg6 1/2-1/2

[Event "Champions Showdown (rapid) 2019"]
[Site "Saint Louis USA"]
[Date "2019.02.20"]
[Round "1"]
[White "Duda, Jan-Krzysztof"]
[Black "Nakamura, Hikaru"]
[Result "1/2-1/2"]
[WhiteElo "2731"]
[BlackElo "2749"]
[PlyCount "214"]
[EventDate "2019.02.20"]

1. e4 e5 2. Nf3 Nc6 3. Bc4 Bc5 4. c3 Nf6 5. d3 d6 6. O-O O-O 7. Re1 h6 8. Nbd2
a5 9. a4 Ne7 10. Nf1 Ng6 11. Ng3 c6 12. Bb3 Re8 13. h3 d5 14. exd5 Nxd5 15. d4
exd4 16. Rxe8+ Qxe8 17. Bxd5 cxd5 18. Nxd4 Bd7 19. Be3 Bf8 20. Ndf5 Be6 21. Bd4
f6 22. Qf3 Qf7 23. Re1 Ra6 24. Nh5 Kh7 25. Qd3 Bd7 26. Nh4 f5 27. Nxg6 Rxg6 28.
Nf4 Ra6 29. b3 g5 30. Ne2 Re6 31. Be3 Re8 32. Bb6 Kg8 33. Rd1 Qe6 34. Qxd5 Qxd5
35. Rxd5 Rxe2 36. Rxd7 Re1+ 37. Kh2 Rb1 38. Rd5 Rxb3 39. Bd4 b6 40. Rxf5 Bg7
41. Rd5 Bxd4 42. cxd4 Rb4 43. Rd6 Kg7 44. d5 Rxa4 45. Rxb6 Rd4 46. d6 a4 47.
Ra6 a3 48. Kg3 a2 49. d7 Rxd7 50. Rxa2 Rd4 51. Ra7+ Kg6 52. Ra6+ Kg7 53. Re6
Ra4 54. Kf3 Rf4+ 55. Ke3 Ra4 56. g3 Rb4 57. Kf3 Ra4 58. Re4 Ra2 59. h4 gxh4 60.
Rxh4 Kg6 61. Re4 h5 62. Ke3 Rb2 63. Ra4 Rb6 64. Kf3 Rb2 65. Kg2 Rc2 66. Rf4 Ra2
67. Kh3 Rb2 68. Rf8 Kg7 69. Rf4 Kg6 70. Kg2 Ra2 71. Rb4 Rc2 72. Kf3 Ra2 73. Ke3
Ra6 74. Rb5 Re6+ 75. Kf3 Ra6 76. Re5 Rb6 77. Kf4 Rf6+ 78. Ke3 Ra6 79. f4 Ra3+
80. Kf2 Ra2+ 81. Kf3 Ra3+ 82. Kg2 Ra1 83. Rg5+ Kh6 84. Rg8 Kh7 85. Rb8 Kg6 86.
Rb6+ Kg7 87. Re6 Kh7 88. Kf3 Rf1+ 89. Ke2 Rg1 90. Kf2 Ra1 91. Re1 Ra2+ 92. Kf3
Kg6 93. Re6+ Kg7 94. f5 Ra4 95. Rg6+ Kh7 96. Rg5 Kh6 97. Rg6+ Kh7 98. Re6 Kg7
99. Re4 Ra6 100. Rh4 Ra3+ 101. Kf4 Kh6 102. g4 Ra4+ 103. Ke5 Rxg4 104. Rxg4
hxg4 105. Kf4 g3 106. Kxg3 Kg5 107. f6 Kxf6 1/2-1/2

[Event "Champions Showdown (rapid) 2019"]
[Site "Saint Louis USA"]
[Date "2019.02.20"]
[Round "1"]
[White "Navara, David"]
[Black "So, Wesley"]
[Result "1-0"]
[WhiteElo "2738"]
[BlackElo "2765"]
[PlyCount "53"]
[EventDate "2019.02.20"]

1. e4 e5 2. Nf3 Nc6 3. Bb5 a6 4. Ba4 Nf6 5. O-O Nxe4 6. d4 b5 7. Bb3 d5 8. dxe5
Be6 9. Nbd2 Be7 10. c3 O-O 11. Bc2 f5 12. Nb3 Qd7 13. Nfd4 Nxd4 14. Nxd4 c5 15.
Nxe6 Qxe6 16. f3 Ng5 17. a4 Rad8 18. axb5 axb5 19. Ra7 Rd7 20. Rxd7 Qxd7 21. f4
Ne4 22. Bxe4 fxe4 23. f5 d4 24. f6 gxf6 25. Bh6 Rf7 26. cxd4 Qe6 27. d5 1-0

[Event "Champions Showdown (rapid) 2019"]
[Site "Saint Louis USA"]
[Date "2019.02.20"]
[Round "1"]
[White "Topalov, Veselin"]
[Black "Dominguez Perez, Leinier"]
[Result "1/2-1/2"]
[WhiteElo "2740"]
[BlackElo "2739"]
[PlyCount "212"]
[EventDate "2019.02.20"]

1. e4 e5 2. Bc4 Nf6 3. d3 c6 4. Nf3 d5 5. Bb3 Bb4+ 6. Bd2 Bxd2+ 7. Qxd2 a5 8.
a4 O-O 9. exd5 cxd5 10. Nxe5 Nc6 11. f4 Re8 12. O-O Nxe5 13. fxe5 Rxe5 14. Nc3
h6 15. Rae1 Rg5 16. d4 Bh3 17. Re2 Be6 18. Ref2 Rc8 19. Rf4 Nh5 20. R4f3 Nf6
21. Rf4 Bh3 22. R1f2 Be6 23. Qd3 Qd6 24. Rf1 b6 25. Nd1 Re8 26. c3 Bd7 27. Ne3
Bh3 28. Rxf6 gxf6 29. Rf2 Bd7 30. Rf3 Qe6 31. h4 Rg7 32. Bxd5 Qd6 33. c4 Rg3
34. Nf1 Rg7 35. Ng3 f5 36. Nxf5 Bxf5 37. Qxf5 Qe7 38. Rf4 Qe1+ 39. Rf1 Qe3+ 40.
Kh1 Kh8 41. Qf6 Kh7 42. Bxf7 Qg3 43. Bd5 Re3 44. Qf5+ Kh8 45. Qf4 Qxf4 46. Rxf4
Rg6 47. c5 bxc5 48. dxc5 Re1+ 49. Kh2 Rc1 50. c6 Rd6 51. Bf3 Rd2 52. b4 axb4
53. Rxb4 Kg7 54. a5 Ra2 55. Rb5 Ra4 56. Kg3 Kf6 57. h5 Rc3 58. Rb6 Kg5 59. a6
Ra2 60. c7 Rxc7 61. Rg6+ Kf5 62. Rxh6 Rg7+ 63. Kh3 Ra1 64. Kh2 Kg5 65. Rb6 Ra5
66. Rb7 Kh6 67. Be2 Rg8 68. Kh3 Re8 69. Rb6+ Kg5 70. Bf3 Rg8 71. Rd6 Ra4 72.
Kh2 Ra3 73. Kg3 Ra5 74. Kf2 Ra3 75. Ke2 Rb8 76. Rg6+ Kf5 77. Kf2 Rh8 78. Kg1
Ra4 79. Kh2 Ra3 80. Rb6 Kg5 81. Rg6+ Kf5 82. Kg1 Ra2 83. Rb6 Kg5 84. Kh2 Rh6
85. Rxh6 Kxh6 86. Bb7 Kxh5 87. Kg3 Kg5 88. Kf3 Kf5 89. Ke3 Ke5 90. Kd3 Ra4 91.
Kc3 Kd6 92. Kb3 Ra1 93. Kc4 Ra5 94. Kb4 Ra1 95. Kb5 Rb1+ 96. Kc4 Ra1 97. Kd4
Ra4+ 98. Ke3 Ke5 99. Kf3 Kf5 100. Bc8+ Kg5 101. Ke3 Kh4 102. Kf3 Ra3+ 103. Kf4
Ra4+ 104. Ke5 Kg3 105. Bb7 Rxa6 106. Bxa6 Kxg2 1/2-1/2

[Event "Champions Showdown (rapid) 2019"]
[Site "Saint Louis USA"]
[Date "2019.02.20"]
[Round "1"]
[White "Rapport, Richard"]
[Black "Shankland, Samuel"]
[Result "1-0"]
[WhiteElo "2735"]
[BlackElo "2731"]
[PlyCount "85"]
[EventDate "2019.02.20"]

1. d4 d5 2. c4 e6 3. Nc3 c6 4. cxd5 exd5 5. Qc2 Bd6 6. Nf3 Ne7 7. Bg5 f6 8. Bd2
Na6 9. a3 Nc7 10. e4 dxe4 11. Nxe4 Bg4 12. Qb3 b6 13. Bc4 Ned5 14. O-O Be7 15.
h3 Be6 16. Qc2 Qd7 17. Rac1 O-O-O 18. Rfe1 Kb7 19. b4 Rhe8 20. Qb3 b5 21. Bf1
Nb6 22. Qc2 Bd5 23. Bf4 Ne6 24. Bg3 Na4 25. Rcd1 Qc8 26. Ned2 g6 27. Nb3 Bd6
28. Bxd6 Rxd6 29. Nfd2 f5 30. Nc4 Bxc4 31. Na5+ Kb8 32. Nxc4 bxc4 33. Qxa4 Nxd4
34. Bxc4 f4 35. b5 c5 36. b6 Rxe1+ 37. Rxe1 axb6 38. Re8 Rd8 39. Re7 Nc6 40.
Re6 Na5 41. Rxb6+ Nb7 42. Be2 Qc7 43. Qa6 1-0

[Event "Champions Showdown (rapid) 2019"]
[Site "Saint Louis USA"]
[Date "2019.02.20"]
[Round "2"]
[White "Caruana, Fabiano"]
[Black "Harikrishna, Pentala"]
[Result "1/2-1/2"]
[WhiteElo "2828"]
[BlackElo "2726"]
[PlyCount "105"]
[EventDate "2019.02.20"]

1. e4 e5 2. Nf3 Nc6 3. Bb5 Nf6 4. d3 Bc5 5. Bxc6 dxc6 6. Nbd2 Be6 7. Qe2 Bd6 8.
h3 Nd7 9. b3 a5 10. a4 O-O 11. O-O Re8 12. Bb2 Qf6 13. Rae1 Bb4 14. Rd1 b5 15.
axb5 cxb5 16. d4 Qg6 17. Kh1 Qh5 18. d5 Bg4 19. Kg1 Bxf3 20. Nxf3 Reb8 21. Ra1
Bd6 22. Ra2 a4 23. Rfa1 f5 24. bxa4 bxa4 25. Ba3 fxe4 26. Qxe4 Nf6 27. Qc4 e4
28. Bxd6 cxd6 29. Nd4 Qxd5 30. Qxd5+ Nxd5 31. Rxa4 Rxa4 32. Rxa4 e3 33. fxe3
Nxe3 34. Ra7 Re8 35. Kf2 g6 36. Rd7 Nc4 37. g4 Rf8+ 38. Kg3 Rf7 39. Rd8+ Rf8
40. Rxf8+ Kxf8 41. Kf4 h6 42. Ke4 Ke7 43. c3 Nb6 44. h4 Na4 45. Ne2 Nc5+ 46.
Kd5 Nd7 47. g5 hxg5 48. hxg5 Ne5 49. Nf4 Kd7 50. c4 Nf7 51. Nxg6 Nxg5 52. c5
dxc5 53. Kxc5 1/2-1/2

[Event "Champions Showdown (rapid) 2019"]
[Site "Saint Louis USA"]
[Date "2019.02.20"]
[Round "2"]
[White "Nakamura, Hikaru"]
[Black "Duda, Jan-Krzysztof"]
[Result "1-0"]
[WhiteElo "2749"]
[BlackElo "2731"]
[PlyCount "103"]
[EventDate "2019.02.20"]

1. e4 e5 2. Nf3 Nf6 3. Nc3 Nc6 4. d4 exd4 5. Nxd4 Bb4 6. Nxc6 bxc6 7. Bd3 d5 8.
exd5 O-O 9. O-O Bg4 10. f3 Bh5 11. dxc6 Qd4+ 12. Kh1 Bxc3 13. bxc3 Qxc3 14. Rb1
Bg6 15. Rb3 Qxc6 16. Bb2 Rad8 17. Qa1 Bxd3 18. cxd3 Rfe8 19. Rc1 Qe6 20. Bxf6
Qxf6 21. Qxf6 gxf6 22. h3 Rd7 23. Rc2 Re5 24. Kg1 Red5 25. Rcc3 Kg7 26. Kf2 c5
27. Ra3 f5 28. Ra4 Rxd3 29. Rxc5 Rd2+ 30. Kg3 f4+ 31. Rxf4 Rxa2 32. Rg4+ Kf8
33. Rc8+ Ke7 34. Rh8 a5 35. Rxh7 Ra7 36. Rf4 Kf8 37. h4 a4 38. h5 Kg8 39. Rh6
a3 40. Rg4+ Kf8 41. Rh8+ Ke7 42. h6 Ra1 43. h7 Rh1 44. Rh4 Rxh4 45. Kxh4 Ra4+
46. g4 a2 47. Re8+ Kxe8 48. h8=Q+ Kd7 49. Qa1 Ra3 50. Qd4+ Ke8 51. Qe5+ Kd7 52.
Qd5+ 1-0

[Event "Champions Showdown (rapid) 2019"]
[Site "Saint Louis USA"]
[Date "2019.02.20"]
[Round "2"]
[White "Shankland, Samuel"]
[Black "Rapport, Richard"]
[Result "0-1"]
[WhiteElo "2731"]
[BlackElo "2735"]
[PlyCount "124"]
[EventDate "2019.02.20"]

1. e4 d6 2. d4 Nf6 3. Nc3 e5 4. Nf3 Nbd7 5. Bc4 Be7 6. a4 O-O 7. O-O c6 8. a5
h6 9. h3 exd4 10. Nxd4 Nc5 11. Qf3 Ncxe4 12. Nxe4 Nxe4 13. Qxe4 d5 14. Bxd5
Qxd5 15. Qxd5 cxd5 16. Rd1 a6 17. c3 Bd7 18. Be3 Rac8 19. Rd2 Rfe8 20. Ne2 Bc6
21. Nf4 Rcd8 22. Rad1 Ba4 23. Re1 Bc6 24. g3 Bf6 25. Red1 Ba4 26. Ra1 Bc6 27.
Bb6 Rd7 28. Ng2 Re4 29. f3 Re8 30. Kf2 Bg5 31. Be3 Bd8 32. h4 Kh7 33. Nf4 Bc7
34. Ne2 Bb5 35. Bf4 Rxe2+ 36. Rxe2 Bxf4 37. gxf4 Bxe2 38. Kxe2 d4 39. c4 Kg6
40. Rg1+ Kf5 41. Rxg7 d3+ 42. Kd2 Kxf4 43. Rh7 Kxf3 44. Rxh6 f5 45. Rg6 Rd4 46.
h5 Rxc4 47. h6 Ke4 48. Re6+ Kd5 49. h7 Rh4 50. Re7 Kd4 51. Rd7+ Ke4 52. Re7+
Kd4 53. Rd7+ Ke4 54. Rxb7 Rh2+ 55. Kd1 f4 56. b4 f3 57. b5 axb5 58. a6 f2 59.
Re7+ Kd4 60. Rf7 Rxh7 61. Rxf2 Kc3 62. Rf1 Rh6 0-1

[Event "Champions Showdown (rapid) 2019"]
[Site "Saint Louis USA"]
[Date "2019.02.20"]
[Round "3"]
[White "Harikrishna, Pentala"]
[Black "Caruana, Fabiano"]
[Result "0-1"]
[WhiteElo "2726"]
[BlackElo "2828"]
[PlyCount "108"]
[EventDate "2019.02.20"]

1. e4 e5 2. Nf3 Nf6 3. d4 Nxe4 4. dxe5 d5 5. Nbd2 Nxd2 6. Qxd2 c5 7. c3 Nc6 8.
Qf4 h6 9. Bd3 Be6 10. O-O g5 11. Qe3 Qc7 12. b4 g4 13. Nh4 Qxe5 14. bxc5 O-O-O
15. Nf5 Bxc5 16. Qxc5 Bxf5 17. Bb5 Qd6 18. Ba3 Qxc5 19. Bxc5 Kc7 20. f3 gxf3
21. Rxf3 Be6 22. a4 b6 23. Be3 d4 24. Bf4+ Kb7 25. Bxc6+ Kxc6 26. Be5 Rhg8 27.
Bxd4 Rd5 28. Rf4 h5 29. Rb1 Rdg5 30. g3 Ra5 31. Rb4 Rg4 32. Kf2 Rxf4+ 33. gxf4
h4 34. c4 Bd7 35. Ke3 Kd6 36. Bc3 Ke6 37. h3 Bxa4 38. Be1 Bd7 39. Bxh4 Ra3+ 40.
Kd4 Rxh3 41. Bf2 Kd6 42. Rb2 Ra3 43. Ke4 Ra4 44. Kd3 Be6 45. c5+ bxc5 46. Rb7
Kc6 47. Re7 Rxf4 48. Be3 Ra4 49. Bd2 Ra2 50. Bc3 a5 51. Be5 a4 52. Ra7 Kd5 53.
Bf4 Kc6 54. Be3 Bf5+ 0-1

[Event "Champions Showdown (rapid) 2019"]
[Site "Saint Louis USA"]
[Date "2019.02.20"]
[Round "3"]
[White "Duda, Jan-Krzysztof"]
[Black "Nakamura, Hikaru"]
[Result "1-0"]
[WhiteElo "2731"]
[BlackElo "2749"]
[PlyCount "155"]
[EventDate "2019.02.20"]

1. e4 e5 2. Nf3 Nc6 3. Bc4 Bc5 4. c3 Nf6 5. d3 d6 6. O-O O-O 7. Bg5 h6 8. Bh4
a6 9. a4 Ba7 10. Nbd2 g5 11. Bg3 g4 12. Bh4 Kg7 13. Re1 Ne7 14. Bxf6+ Kxf6 15.
Nh4 Kg7 16. Nf1 Ng8 17. g3 Qf6 18. Ne3 Bxe3 19. Rxe3 Ne7 20. d4 Ng6 21. Ng2 Qg5
22. Qb3 b6 23. Bd5 Rb8 24. Rf1 Ne7 25. Bc4 Bb7 26. Nh4 b5 27. axb5 axb5 28. Bd3
Bc8 29. dxe5 Qxe5 30. Nf5+ Nxf5 31. exf5 Qf6 32. Qd1 Bxf5 33. Bxf5 Qxf5 34.
Qd4+ Kh7 35. f3 gxf3 36. Rexf3 Qg6 37. Rf6 Qg7 38. R1f4 c5 39. Qd5 Qg5 40.
Rxf7+ Rxf7 41. Rxf7+ Kh8 42. Qxd6 Re8 43. Rf8+ Rxf8 44. Qxf8+ Kh7 45. Qf7+ Kh8
46. Qf8+ Kh7 47. Qf7+ Kh8 48. Qe8+ Kg7 49. Qd7+ Kh8 50. Qxb5 Qe3+ 51. Kg2 Qe4+
52. Kf2 Qf5+ 53. Ke3 Qe5+ 54. Kd2 Qg5+ 55. Kc2 Qf5+ 56. Kb3 Qd5+ 57. Qc4 Qh5
58. h4 Qe5 59. Qf4 Qe6+ 60. c4 Qb6+ 61. Kc2 Qg6+ 62. Kc1 Qc6 63. b3 Kg7 64.
Qe5+ Kh7 65. Qf5+ Kg7 66. Qe5+ Kh7 67. Kd2 Qg2+ 68. Qe2 Qg1 69. Qd3+ Kg7 70.
Qe3 Qg2+ 71. Kc3 Qc6 72. Qe5+ Kh7 73. Qf5+ Kg7 74. h5 Kh8 75. g4 Qd6 76. Qe4
Qf6+ 77. Kc2 Qd6 78. Qe8+ 1-0

[Event "Champions Showdown (rapid) 2019"]
[Site "Saint Louis USA"]
[Date "2019.02.20"]
[Round "3"]
[White "Navara, David"]
[Black "So, Wesley"]
[Result "1/2-1/2"]
[WhiteElo "2738"]
[BlackElo "2765"]
[PlyCount "119"]
[EventDate "2019.02.20"]

1. e4 e5 2. Nf3 Nc6 3. Bb5 Nf6 4. d3 Bc5 5. Bxc6 dxc6 6. Nbd2 Be6 7. O-O Bd6 8.
b3 Nd7 9. Nc4 Qe7 10. Nxd6+ cxd6 11. Ng5 O-O 12. d4 h6 13. Nxe6 Qxe6 14. c4 c5
15. dxc5 dxc5 16. Bb2 Nf6 17. Qf3 Rfd8 18. Rfd1 b6 19. h3 Rxd1+ 20. Rxd1 Re8
21. Qf5 Qc6 22. Bxe5 Qxe4 23. Qxe4 Nxe4 24. Bb2 Ng5 25. Kf1 Re7 26. h4 Ne6 27.
g3 f6 28. f4 Kf7 29. h5 Ke8 30. Kf2 Rd7 31. Rxd7 Kxd7 32. Kf3 Nd8 33. Ke4 Ke6
34. g4 Nf7 35. Bc3 Nd6+ 36. Kd3 Nf7 37. a3 a5 38. Ke3 Nd6 39. Kd3 Nf7 40. Bd2
Nd6 41. b4 axb4 42. axb4 Nb7 43. Be3 f5 44. g5 Kf7 45. g6+ Ke6 46. Bd2 cxb4 47.
Bxb4 Nc5+ 48. Ke3 Nd7 49. Bc3 Nf6 50. Bxf6 Kxf6 51. Kd4 Ke6 52. c5 b5 53. c6
Kd6 54. c7 Kxc7 55. Kc5 b4 56. Kxb4 Kb6 57. Kc4 Kc6 58. Kd4 Kd6 59. Kc4 Kc6 60.
Kd4 1/2-1/2

[Event "Champions Showdown (rapid) 2019"]
[Site "Saint Louis USA"]
[Date "2019.02.20"]
[Round "3"]
[White "Topalov, Veselin"]
[Black "Dominguez Perez, Leinier"]
[Result "1/2-1/2"]
[WhiteElo "2740"]
[BlackElo "2739"]
[PlyCount "76"]
[EventDate "2019.02.20"]

1. e4 e5 2. Nf3 Nc6 3. Bc4 Bc5 4. c3 Nf6 5. d3 O-O 6. Nbd2 d6 7. O-O a6 8. Bb3
Re8 9. Ng5 Re7 10. h3 h6 11. Ngf3 Be6 12. Nh4 d5 13. exd5 Bxd5 14. Qe2 Bxb3 15.
Nxb3 Bb6 16. Nf5 Re6 17. Be3 Nd4 18. cxd4 exd4 19. Nbxd4 Bxd4 20. Qf3 Bxe3 21.
fxe3 Qxd3 22. Qxb7 Rae8 23. Qxc7 Nd5 24. Qg3 Rg6 25. Qf3 Qe4 26. Rad1 Nxe3 27.
Rd8 Rxg2+ 28. Kh1 Kh7 29. Rxe8 Qxe8 30. Nxe3 Rxb2 31. Nf5 Qe5 32. Ng3 Rxa2 33.
Qd3+ Kg8 34. Qb3 Qb2 35. Qxf7+ Kh7 36. Qf5+ Kh8 37. Qf8+ Kh7 38. Qf5+ Kh8
1/2-1/2

[Event "Champions Showdown (rapid) 2019"]
[Site "Saint Louis USA"]
[Date "2019.02.20"]
[Round "3"]
[White "Rapport, Richard"]
[Black "Shankland, Samuel"]
[Result "1-0"]
[WhiteElo "2735"]
[BlackElo "2731"]
[PlyCount "141"]
[EventDate "2019.02.20"]

1. d4 Nf6 2. Bg5 d5 3. e3 Nbd7 4. Nf3 h6 5. Bh4 e6 6. c4 Be7 7. Nc3 O-O 8. Rc1
c6 9. a3 a6 10. cxd5 cxd5 11. Bd3 b5 12. O-O Bb7 13. Nd2 Nb6 14. Qe2 Nc4 15.
Nb3 Rc8 16. a4 b4 17. Bxf6 gxf6 18. Ne4 Nxb2 19. Nxf6+ Bxf6 20. Qxb2 Qd6 21.
Nc5 Rxc5 22. Qxb4 Rc6 23. Qxb7 Rxc1 24. Rxc1 Qa3 25. Qb1 Qxa4 26. g3 a5 27. Rc7
Qa3 28. Qd1 Bg7 29. Ra7 Qc3 30. Kg2 Rc8 31. Qb1 Qb4 32. Bh7+ Kf8 33. Qd3 Qb6
34. Ra6 Qb4 35. Qd1 Rb8 36. Qf3 Rb6 37. Bg6 f6 38. Ra8+ Rb8 39. Ra7 Rb7 40. Ra6
Rb6 41. Qe2 Kg8 42. Ra7 Rb7 43. Qa6 Rxa7 44. Qxa7 Kh8 45. Qd7 e5 46. dxe5 fxe5
47. Qxd5 a4 48. Qd8+ Qf8 49. Qa5 a3 50. Be4 Bf6 51. Bd5 Bg7 52. Qa4 Qd6 53.
Qe8+ Qf8 54. Qe6 Bf6 55. h4 Bg7 56. Kh3 Bf6 57. Kg4 Bg7 58. Kh5 Bf6 59. Kg6 Bg7
60. e4 Qd8 61. Qf7 Qf8 62. Qxf8+ Bxf8 63. h5 Bg7 64. Kf7 Kh7 65. Bc4 Kh8 66.
Bb3 Kh7 67. Ba2 Kh8 68. f3 Kh7 69. f4 exf4 70. gxf4 Bb2 71. e5 1-0

[Event "Champions Showdown (rapid) 2019"]
[Site "Saint Louis USA"]
[Date "2019.02.20"]
[Round "4"]
[White "Caruana, Fabiano"]
[Black "Harikrishna, Pentala"]
[Result "1-0"]
[WhiteElo "2828"]
[BlackElo "2726"]
[PlyCount "113"]
[EventDate "2019.02.20"]

1. e4 c5 2. Nf3 e6 3. d4 cxd4 4. Nxd4 Nc6 5. Nc3 Qc7 6. Qd3 Nf6 7. Ndb5 Qb8 8.
Qg3 d6 9. Be3 a6 10. Nd4 h5 11. f3 e5 12. Nb3 Be6 13. O-O-O Qc7 14. Kb1 Rc8 15.
Qf2 b5 16. Qd2 Qb7 17. Be2 Nb8 18. Nd5 Nxd5 19. exd5 Bf5 20. Bd3 Bxd3 21. Qxd3
Be7 22. f4 Bf6 23. Nd2 Nd7 24. Ne4 Be7 25. Qe2 f5 26. Nf2 e4 27. g3 Bf6 28. h3
Nb6 29. Bxb6 Qxb6 30. g4 g6 31. Nxe4 fxe4 32. Qxe4+ Kd8 33. Qxg6 Rf8 34. g5 Bh8
35. Rhe1 Qc5 36. Re6 Kc7 37. f5 Kb8 38. f6 Rg8 39. Qe4 Rxg5 40. a4 Rg3 41. Rf1
Rg1 42. Rxg1 Qxg1+ 43. Ka2 Qc5 44. f7 Bg7 45. Re8 Qc4+ 46. Qxc4 bxc4 47. a5 Bf8
48. Ka3 Kc7 49. Kb4 Kd7 50. Rxc8 Kxc8 51. Kxc4 Kd7 52. b4 Ke7 53. b5 axb5+ 54.
Kxb5 Kd7 55. Kb6 Kc8 56. Kc6 h4 57. c4 1-0